zpět

Detail výsledku týmu

Chicago Bar & Grill ČT, Liberec

Datum a čas kvízu

25.5 Celkem bodů Celkový počet nahraných bodů na tomto kvízu bez doplňovacích otázek.
7. Pořadí na kvízu Konečné umístění týmu na tomto kvízu.

Zaznamenané odpovědi

# Otázka Odpověď Body Výsledky
1. Policie v Praze řeší případ vo... Šlo o policejní auto. 1
2. Minulý týden jsme se dozvěděli... C 0
3. Minulý týden potvrdili konec s... David Prachař; Linda Rybová 1
4. Na technologickém veletrhu CES... Tamagoči 0
5. Hajar Abdelkader z Egypta minu... Tenis 1
6. Frank Lloyd Wright bývá označo... Guggenheimovo muzeum 0
7. Seřaďte uvedené události od té... 1D 2B 3C 4A 0
8. Jak se jmenuje tato americká h... Beastie Boys; No Sleep till Brooklyn 0
9. Turisté v NYC míří nejen do di... 1D 2B 3C 4A 1
10. Jak se jmenuje fiktivní město,... Gotham (City); Bronx 0.5